000 nam a22 a 4500
999 _c2539
_d2539
003 AKMAL
005 20170517105906.0
008 170517s1992 enk 00 eng d
020 _a0117714674 (v. 2):
_cMYR 66.50
040 _aAKMAL
082 0 4 _aR 623 ADM
090 _aR 623
_bADM
245 0 0 _aAdmiralty manual of navigation /
_cMinistry of Defence (Navy)
260 _aLondon :
_bHMSO,
_c1992
300 _axiii, 328p. :
_bill. ;
_c25cm
500 _aIncludes index
650 _aNavigation
_95288
710 1 _aUnited Kingdom.
_bMinistry of Defence (Navy)
_95289
942 _2ddc
_cBOOK